| 000 | 00438 a2200157 4500 | ||
|---|---|---|---|
| 003 | OSt | ||
| 005 | 20180116182707.0 | ||
| 008 | 160506b xxu||||| |||| 00| 0 eng d | ||
| 040 | _c0 | ||
| 100 | _aGolam W Choudhury. | ||
| 245 |
_aPakistan Transition From Military To Civilian Rule _cGolam W Choudhury. |
||
| 260 |
_aScorpion _c1998. |
||
| 600 | _aGolam W Choudhury. | ||
| 700 | _aGolam W Choudhury. | ||
| 942 |
_aNBS _cBK _k954.91 CHO _2ddc |
||
| 999 |
_c344208 _d344208 |
||